German animal words in English - Statistics

General Stats
  • This quiz has been taken 1,406 times
  • The average score is 13 of 20
Answer Stats
German word English % Correct
Katze Cat
99%
Krabbe Crab
95%
Maus Mouse
94%
Wurm Worm
94%
Bär Bear
91%
Delfin Dolphin
90%
Schwan Swan
85%
Kuh Cow
81%
Schaf Sheep
66%
Frosch Frog
65%
Wal Whale
64%
Löwe Lion
63%
Fliege Fly
61%
Spinne Spider
61%
Fuchs Fox
60%
Affe Ape
50%
Biene Bee
49%
Hornisse Hornet
42%
Rabe Raven
22%
Schwalbe Swallow
17%
No matching quizzes found
Score Distribution
Percent of People with Each Score
Percentile by Number Answered
Your Score History
You have not taken this quiz